High-tenacity bonding with new natural rubber adhesives (Record no. 60438)

MARC details
000 -LEADER
fixed length control field 00405nam a2200157Ia 4500
100 ## - MAIN ENTRY--AUTHOR NAME
Personal name Linnenbrink M
245 #0 - TITLE STATEMENT
Title High-tenacity bonding with new natural rubber adhesives
260 ## - PUBLICATION, DISTRIBUTION, ETC. (IMPRINT)
Name of publisher Adhasion Kleben & Dichten
Year of publication 2000
300 ## - PHYSICAL DESCRIPTION
Number of Pages 32-35
500 ## - GENERAL NOTE
General note Source Year: 2000
650 ## - SUBJECT ADDED ENTRY--TOPICAL TERM
Topical Term Adhesives
650 ## - SUBJECT ADDED ENTRY--TOPICAL TERM
Topical Term Bonding
856 ## - ELECTRONIC LOCATION AND ACCESS
Uniform Resource Identifier RAPRA
942 ## - ADDED ENTRY ELEMENTS (KOHA)
Koha item type Journals
Holdings
Withdrawn status Lost status Damaged status Not for loan Home library Current library Shelving location Date acquired Serial Enumeration / chronology Koha item type
      Journals RRII Library RRII Library Rubber chemistry 17/12/2021 Volume 44, Issue 3 Journals